South Jakarta District Quiz - Statistics

General Stats
  • This quiz has been taken 86 times
  • The average score is 7 of 10
Answer Stats
Answer % Correct
Kebayoran Baru
82%
Kebayoran Lama
79%
Pasar Minggu
75%
Tebet
73%
Cilandak
68%
Pesanggrahan
66%
Jagakarsa
62%
Setiabudi
59%
Pancoran
49%
Mampang Prapatan
48%
No matching quizzes found
Score Distribution
Percent of People with Each Score
Percentile by Number Answered
Your Score History
You have not taken this quiz